[Event "RSA-chT U20"]
[Site "Boksburg"]
[Date "2020.01.07"]
[Round "6.5"]
[White "Elephant, Kabelo"]
[Black "Mahoai, Khutso"]
[Result "1-0"]
[WhiteElo "1201"]
[BlackElo "1189"]
[PlyCount "81"]
[EventDate "2020.01.04"]
[EventType "team-tourn"]
[EventRounds "7"]
[EventCountry "RSA"]
[SourceTitle "CBM 194 Extra"]
[Source "ChessBase"]
[SourceDate "2020.03.31"]
[SourceVersion "1"]
[SourceVersionDate "2020.03.31"]
[SourceQuality "1"]
[WhiteTeam "Ethekwini U20"]
[BlackTeam "Capricorn U20"]
[WhiteTeamCountry "RSA"]
[BlackTeamCountry "RSA"]

1. e4 e5 2. Nf3 Nc6 3. Bc4 Nf6 4. Ng5 d5 5. exd5 Na5 6. Bb5+ c6 7. dxc6 bxc6 8. Be2 h6 9. Nf3 e4 10. Ng1 Bc5 11. d3 0-0 12. c3 Bb6 13. b4 Nb7 14. d4 Qd5 15. Na3 e3 16. f3 Ng4 17. Bc4 Qf5 18. Nh3 Nf6 19. Bxe3 Re8 20. Qd2 Nd6 21. Bd3 Qe6 22. Kf2 Nd5 23. Rhe1 Qf6 24. c4 Nxe3 25. c5 Qxd4 26. Bh7+ Kxh7 27. Qxd4 Ndf5 28. Qd3 Bc7 29. Nc4 Ba6 30. Rxe3 g6 31. Rxe8 Rxe8 32. Qd7 Re7 33. Qd3 Bxh2 34. Ng5+ Kg8 35. Ne4 Be5 36. Qd8+ Kg7 37. Nxe5 Rxe5 38. Qf6+ Kg8 39. Qxe5 h5 40. g4 hxg4 41. Nf6+ 1-0

[Event "RSA-chT U20A"]
[Site "Boksburg"]
[Date "2018.12.20"]
[Round "7.6"]
[White "Mahoai, Khutso"]
[Black "Michaels, Jacques"]
[Result "1-0"]
[WhiteElo "795"]
[BlackElo "1014"]
[PlyCount "183"]
[EventDate "2018.12.16"]
[EventType "team-tourn"]
[EventRounds "7"]
[EventCountry "RSA"]
[SourceTitle "EXT 2020"]
[Source "ChessBase"]
[SourceDate "2019.10.17"]
[SourceVersion "1"]
[SourceVersionDate "2019.10.17"]
[SourceQuality "1"]
[WhiteTeam "Capricorn U20"]
[BlackTeam "Eden District U20"]
[WhiteTeamCountry "RSA"]
[BlackTeamCountry "RSA"]

1. e4 c6 2. d4 e6 3. Nf3 d5 4. Nc3 Bb4 5. exd5 exd5 6. Be2 Bxc3+ 7. bxc3 h6 8. Ne5 Nd7 9. Bf4 g5 10. Bg3 Ngf6 11. 0-0 Ne4 12. Bh5 Nxg3 13. fxg3 Nxe5 14. Qe2 Qe7 15. Qxe5 Qxe5 16. Bxf7+ Ke7 17. dxe5 Rf8 18. Bh5 Rxf1+ 19. Rxf1 Be6 20. a4 c5 21. Bf3 b6 22. c4 Rd8 23. cxd5 Bxd5 24. Bg4 Be6 25. Be2 Rd2 26. Bb5 Rxc2 27. h3 Rd2 28. g4 Rd4 29. Rf6 h5 30. gxh5 Rh4 31. Rh6 Bf7 32. Rc6 Rxh5 33. Rc7+ Kf8 34. Rxa7 c4 35. Bd7 Rh4 36. Bg4 Rh6 37. Rc7 Bd5 38. Rd7 Be6 39. Rd6 Ke7 40. Rxb6 c3 41. Rc6 c2 42. Rxc2 Bxg4 43. hxg4 Rh4 44. Rc4 Ke6 45. Re4 Kd5 46. Rb4 Kxe5 47. a5 Rh6 48. Rb6 Rh8 49. Rb5+ Kf4 50. Rb4+ Kg3 51. Rb3+ Kxg4 52. a6 Ra8 53. Ra3 Kf5 54. Kf2 Ke4 55. g4 Kf4 56. Ra4+ Ke5 57. Kf3 Kf6 58. Ra5 Ra7 59. Ke4 Ke6 60. Rxg5 Kf6 61. Rh5 Kg6 62. Ra5 Kf6 63. g5+ Kg6 64. Kf4 Rf7+ 65. Kg4 Ra7 66. Kg3 Kf7 67. Kg4 Kg6 68. Ra4 Kh7 69. Kh5 Kg7 70. g6 Kh8 71. Kh6 Kg8 72. Ra5 Kh8 73. Kg5 Kg7 74. Kf5 Kf8 75. Kf6 Kg8 76. Ra1 Kf8 77. Rb1 Rxa6+ 78. Kf5 Ra7 79. Kf6 Ra6+ 80. Kg5 Ra7 81. Kh6 Ra8 82. Rb7 Kg8 83. Rf7 Ra6 84. Rb7 Ra8 85. Rg7+ Kh8 86. Re7 Rb8 87. Kg5 Kg8 88. Kh6 Kh8 89. Rf7 Rd8 90. Rb7 Rc8 91. Kg5 Rg8 92. Rh7# 1-0